Statistics for JR四国の駅乗降客数ランキングWORST30

Click here to take the quiz!

General Stats

  • This quiz has been taken 30 times
  • The average score is 12 of 30

Answer Stats

都道府県乗降客数駅名% Correct
7徳島県2坪尻
88%
2高知県0新改
83%
10徳島県4小歩危
75%
1高知県0土佐北川
58%
23高知県8繁藤
58%
12愛媛県6
58%
26高知県12土佐昭和
54%
4高知県2家地川
54%
5徳島県2鯖瀬
46%
9高知県4半家
46%
19高知県6角茂谷
42%
6徳島県2浅川
38%
18高知県6土佐穴内
38%
11高知県4土佐岩原
33%
3愛媛県2高光
33%
25高知県10六反地
33%
27徳島県12辺川
29%
29高知県14十川
29%
17高知県6豊永
29%
8高知県2大田口
29%
16徳島県6阿波大宮
25%
22高知県8西ヶ方
25%
20愛媛県8千丈
25%
15高知県6打井川
25%
14愛媛県6真土
25%
13愛媛県6五十崎
25%
24愛媛県10喜多山
21%
30徳島県14山河内
21%
28香川県14箕浦
13%
21愛媛県8深田
8%

Score Distribution

Percentile by Number Answered

Percent of People with Each Score

Your Score History

You have not taken this quiz